000 01394nam0a22002531 4500
001 rc\3037712
005 20250806201838.0
035 _a(NLR Aleph) 007178177
090 _a20962
_c20962
100 _a20111004d1945 u y0rusy50 ca
101 0 _arus
102 _aRU
105 _aa j |||||
200 1 _aЭксплоатация и ремонт строительных машин
_eУтв. Гл. упр. рабочих кадров Наркомстроя в качестве учебника для подготовки и повышения квалификации мотористов и слесарей по ремонту строит. машин
_eОдобрено Учеб.-произв. советом Гл. упр. труд. резервов при СНК СССР в качестве учеб. пособия для ремесл. училищ и школ фабр.-зав. обучения
_fинж. Х.Л. Троицкий
210 _aМосква
_cСтройиздат
_d1945
_g16-я тип. треста "Полиграфкнига"
215 _a240 с.
_cил., черт.
_d20 см
700 1 _aТроицкий
_bХ.Л.
_gХанан Леонтьевич
801 0 _aRU
_bNLR
_gpsbo
801 1 _aRU
_bELAR
_2rusmarc
852 _aNLR
_jТ80 Г-3/54
942 _cBOOK
945 _aРоссийская национальная библиотека
980 _aNB
980 _aBV